Housing market report: April 2004 (Record no. 117310)
[ view plain ]
| 000 -LEADER | |
|---|---|
| fixed length control field | 00990cam a2200229 4500 |
| 001 - CONTROL NUMBER | |
| control field | WB4017-13 |
| 008 - FIXED-LENGTH DATA ELEMENTS--GENERAL INFORMATION | |
| fixed length control field | 040506n2004 000 0 eng u |
| 035 ## - SYSTEM CONTROL NUMBER | |
| System control number | (Sirsi) u126123 |
| 245 ## - TITLE STATEMENT | |
| Title | Housing market report: April 2004 |
| 260 ## - PUBLICATION, DISTRIBUTION, ETC. | |
| Date of publication, distribution, etc. | 2004 |
| 490 ## - SERIES STATEMENT | |
| Series statement | ODPM Housing Market Report |
| Volume/sequential designation | April 2004 (4) |
| 520 ## - SUMMARY, ETC. | |
| Summary, etc. | Monthly summary of the latest indicators of UK house price inflation from the ODPM and commercial sources. Covers economic trends, regional house prices, mortgage interest rates, affordability, home loan approvals, property transactions, private house starts and repossession activity. Copies of the report are downloadable from http://www.odpm.gov.uk/stellent/groups/odpm_housin g/documents/downloadable/odpm_house_028584.pdf |
| 590 ## - LOCAL NOTE (RLIN) | |
| Local note | WB |
| 590 ## - LOCAL NOTE (RLIN) | |
| Local note | WB |
| 650 ## - SUBJECT ADDED ENTRY--TOPICAL TERM | |
| Topical term or geographic name entry element | REPOSSESSIONS |
| 650 ## - SUBJECT ADDED ENTRY--TOPICAL TERM | |
| Topical term or geographic name entry element | HOME LOANS |
| 650 ## - SUBJECT ADDED ENTRY--TOPICAL TERM | |
| Topical term or geographic name entry element | AFFORDABILITY |
| 650 ## - SUBJECT ADDED ENTRY--TOPICAL TERM | |
| Topical term or geographic name entry element | MORTGAGE INTEREST RATES |
| 650 ## - SUBJECT ADDED ENTRY--TOPICAL TERM | |
| Topical term or geographic name entry element | HOUSE PRICE INFLATION |
| 690 ## - LOCAL SUBJECT ADDED ENTRY--TOPICAL TERM (OCLC, RLIN) | |
| Topical term or geographic name as entry element | HOUSING-MARKET |
| 942 ## - ADDED ENTRY ELEMENTS (KOHA) | |
| Suppress in OPAC | 0 |
| Withdrawn status | Lost status | Source of classification or shelving scheme | Damaged status | Not for loan | Home library | Current library | Shelving location | Date acquired | Total Checkouts | Full call number | Barcode | Date last seen | Copy number | Price effective from | Koha item type |
|---|---|---|---|---|---|---|---|---|---|---|---|---|---|---|---|
| Dewey Decimal Classification | London | London | News article | 06/05/2004 | WB4017-13 | 126123-1001 | 06/08/2019 | 1 | 06/08/2019 | News article |